000 nam a22 7a 4500
999 _c15523
_d15523
008 161102b xxu||||| |||| 00| 0 eng d
020 _a0964136643
050 _aLB 2838.8 .P87 1994
100 _aPurdy,Scott.
_d1994
245 _aTime management for teachers:
_bessential tips &techniques.
260 _aCalifornia:
_bWrite time,
_c1994.
300 _a147p.
_c20cm
942 _2lcc
_cBOOKS
_hLB 2838.8 .P87 1994